Přehled užité matematiky
Gespeichert in:
| Format: | Buch |
|---|---|
| Sprache: | Tschechisch |
| Veröffentlicht: |
Praha
Stát. nakl. techn. lit.
1963
|
| Schriftenreihe: | Česká matice technická
roč. 68 |
| Tags: |
Keine Tags, Fügen Sie das erste Tag hinzu!
|
MARC
| LEADER | 00000nam a2200000 4500 | ||
|---|---|---|---|
| 001 | c123134 | ||
| 005 | 20260327073659.9 | ||
| 041 | 0 | |a cze | |
| 044 | |a CZ | ||
| 245 | 1 | 0 | |a Přehled užité matematiky |c Karel Rektorys a kol. |
| 264 | 1 | |a Praha |b Stát. nakl. techn. lit. |c 1963 | |
| 300 | |a 1136 s. | ||
| 490 | 1 | |a Česká matice technická |v roč. 68 | |
| 830 | 0 | |a Česká matice technická |v roč. 68 | |